[Event "Mittelfranken Landesliga Nord 2223"]
[Site "Mittelfranken"]
[Date "2023.03.19"]
[Round "8.6"]
[White "Ferlan, Istok"]
[Black "Chen, Jiaoji"]
[Result "0-1"]
[WhiteElo "2110"]
[BlackElo "2065"]
[PlyCount "94"]
[EventDate "2022.10.09"]
[EventType "team-tourn"]
[EventRounds "9"]
[EventCountry "GER"]
[SourceTitle "EXT 2024"]
[Source "ChessBase"]
[SourceDate "2023.10.10"]
[SourceVersion "1"]
[SourceVersionDate "2023.10.10"]
[SourceQuality "1"]
[WhiteTeam "Kitzingen"]
[BlackTeam "Wuerzburg"]
[WhiteTeamCountry "GER"]
[BlackTeamCountry "GER"]

1. d4 d5 2. Nf3 Nf6 3. Bf4 c5 4. e3 Nc6 5. c3 Qb6 6. b3 e6 7. Bd3 cxd4 8. exd4 Be7 9. Qe2 Qd8 10. Ne5 Nxe5 11. dxe5 Nd7 12. 0-0 b6 13. c4 Nc5 14. cxd5 Nxd3 15. Qxd3 Qxd5 16. Qxd5 exd5 17. Nc3 Be6 18. Rfd1 Rd8 19. Nb5 g5 20. Bg3 a6 21. Nc7+ Kf8 22. Rac1 h5 23. h3 h4 24. Bh2 Bc5 25. Nxa6 Ra8 26. Nxc5 bxc5 27. Rxc5 Rxa2 28. f4 Rb2 29. fxg5 Rxb3 30. Bf4 Kg7 31. Rd4 Ra8 32. Kf2 Ra2+ 33. Rd2 Ra1 34. Re2 Rbb1 35. Bd2 Rf1+ 36. Ke3 Ra4 37. Be1 d4+ 38. Kd2 Bf5 39. Rc1 d3 40. Re3 Ra2+ 41. Kc3 d2 42. Bxd2 Rxc1+ 43. Bxc1 Rc2+ 44. Kd4 Rxc1 45. g4 Rd1+ 46. Kc3 Be6 47. Rf3 Kg6 0-1

[Event "Mittelfranken Landesliga Nord 2223"]
[Site "Mittelfranken"]
[Date "2023.01.15"]
[Round "5.7"]
[White "Just, Hannes"]
[Black "Chen, Jiaoji"]
[Result "0-1"]
[WhiteElo "2092"]
[BlackElo "2065"]
[PlyCount "74"]
[EventDate "2022.10.09"]
[EventType "team-tourn"]
[EventRounds "9"]
[EventCountry "GER"]
[SourceTitle "EXT 2024"]
[Source "ChessBase"]
[SourceDate "2023.10.10"]
[SourceVersion "1"]
[SourceVersionDate "2023.10.10"]
[SourceQuality "1"]
[WhiteTeam "Nuernberg Sued SW"]
[BlackTeam "Wuerzburg"]
[WhiteTeamCountry "GER"]
[BlackTeamCountry "GER"]

1. Nf3 f5 2. g3 Nf6 3. Bg2 d6 4. d4 e6 5. c4 Be7 6. 0-0 0-0 7. Nc3 Ne4 8. Qc2 Nxc3 9. Qxc3 Bf6 10. Rd1 Qe7 11. Rb1 Nc6 12. b4 e5 13. e3 e4 14. Nd2 Be6 15. b5 Nd8 16. f3 exf3 17. Nxf3 Bf7 18. Re1 Ne6 19. Ba3 Nc5 20. Nd2 Ne4 21. Nxe4 fxe4 22. Qc2 Rae8 23. c5 Bd5 24. b6 cxb6 25. cxd6 Qd7 26. Bf1 Rc8 27. Qb2 a6 28. Qxb6 Rc2 29. Qa5 Qf5 30. Re2 Rxe2 31. Bxe2 Bxd4 32. Rf1 Bxe3+ 33. Kg2 Bf2 34. Rd1 b5 35. Qd2 Bc6 36. Qf4 e3+ 37. Kf1 Qh3# 0-1

[Event "Mittelfranken Landesliga Nord 2223"]
[Site "Mittelfranken"]
[Date "2022.10.23"]
[Round "2.6"]
[White "Paerr, Manfred"]
[Black "Chen, Jiaoji"]
[Result "0-1"]
[WhiteElo "2045"]
[BlackElo "2065"]
[PlyCount "74"]
[EventDate "2022.10.09"]
[EventType "team-tourn"]
[EventRounds "9"]
[EventCountry "GER"]
[SourceTitle "EXT 2024"]
[Source "ChessBase"]
[SourceDate "2023.10.10"]
[SourceVersion "1"]
[SourceVersionDate "2023.10.10"]
[SourceQuality "1"]
[WhiteTeam "Kareth Lappersdorf"]
[BlackTeam "Wuerzburg"]
[WhiteTeamCountry "GER"]
[BlackTeamCountry "GER"]

1. e4 c5 2. Nc3 e6 3. Nge2 a6 4. g3 b5 5. Bg2 Bb7 6. 0-0 d6 7. d4 cxd4 8. Nxd4 Qc7 9. a4 bxa4 10. Nxa4 Nf6 11. Re1 Be7 12. b3 0-0 13. c4 Nbd7 14. Ba3 Rfe8 15. Rc1 Rac8 16. b4 Qb8 17. Qb3 Qa8 18. f3 Qa7 19. Qe3 Ne5 20. Nb2 Neg4 21. fxg4 Nxg4 22. Qd3 Bf6 23. c5 dxc5 24. bxc5 Rcd8 25. e5 Nxe5 26. Rxe5 Bxe5 27. Rc4 Bxg2 28. Kxg2 Qd7 29. c6 Qd5+ 30. Qf3 Bxd4 31. Qxd5 Rxd5 32. c7 Rc8 33. Rb4 Rd7 34. Nc4 Rdxc7 35. Nd6 Bc5 36. Ra4 Bxd6 37. Bxd6 Rc6 0-1

[Event "Mittelfranken Landesliga Nord 2122"]
[Site "Mittelfranken"]
[Date "2022.03.20"]
[Round "4.2"]
[White "Chen, Jiaoji"]
[Black "Kuhn, Tobias"]
[Result "0-1"]
[WhiteElo "2008"]
[BlackElo "2206"]
[PlyCount "88"]
[EventDate "2021.10.24"]
[EventType "team-tourn"]
[EventRounds "9"]
[EventCountry "GER"]
[SourceTitle "EXT 2024"]
[Source "ChessBase"]
[SourceDate "2023.10.10"]
[SourceVersion "1"]
[SourceVersionDate "2023.10.10"]
[SourceQuality "1"]
[WhiteTeam "Wuerzburg"]
[BlackTeam "Klingenberg"]
[WhiteTeamCountry "GER"]
[BlackTeamCountry "GER"]

1. d4 Nf6 2. Nf3 g6 3. Bf4 Bg7 4. e3 0-0 5. Be2 c5 6. 0-0 b6 7. Ne5 Bb7 8. Bf3 Qc8 9. h3 d6 10. Bxb7 Qxb7 11. Qf3 Ne4 12. Ng4 f5 13. Nh6+ Kh8 14. Nd2 d5 15. Nxe4 dxe4 16. Qg3 Nd7 17. c3 Nf6 18. Qh4 c4 19. g4 e6 20. Kh2 Qe7 21. Bg5 Qd6+ 22. Bf4 Qe7 23. Bg5 Qd7 24. gxf5 exf5 25. Rg1 Nh5 26. Rg2 Qe6 27. Rag1 Rae8 28. Kh1 b5 29. Rh2 a5 30. Ng4 b4 31. Ne5 Bxe5 32. dxe5 Qxe5 33. Rhg2 bxc3 34. bxc3 Qxc3 35. Bh6 Qf6 36. Rg5 Ng7 37. Qg3 Rc8 38. h4 c3 39. h5 c2 40. Bxg7+ Kxg7 41. Rc1 Rfd8 42. Qg1 Rc7 43. Kh2 Rd1 44. h6+ Kxh6 0-1

[Event "Regionalliga Nord-West 1819"]
[Site "Bayern"]
[Date "2019.02.24"]
[Round "7.2"]
[White "Chen, Jiaoji"]
[Black "Stauch, Edgar"]
[Result "1-0"]
[WhiteElo "1981"]
[BlackElo "2051"]
[PlyCount "61"]
[EventDate "2018.10.21"]
[EventType "team-tourn"]
[EventRounds "9"]
[EventCountry "GER"]
[SourceTitle "EXT 2022"]
[Source "ChessBase"]
[SourceDate "2021.10.06"]
[SourceVersion "1"]
[SourceVersionDate "2021.10.06"]
[SourceQuality "1"]
[WhiteTeam "Wuerzburg II"]
[BlackTeam "Kronach"]
[WhiteTeamCountry "GER"]
[BlackTeamCountry "GER"]

1. d4 Nf6 2. Bg5 d5 3. e3 Nbd7 4. Nf3 e6 5. Nbd2 Be7 6. Bd3 c5 7. c3 0-0 8. 0-0 b6 9. Ne5 Bb7 10. f4 Ne4 11. Bxe7 Qxe7 12. Nxe4 dxe4 13. Bb5 Nf6 14. Qe2 Rac8 15. a4 a5 16. g4 Rfd8 17. f5 exf5 18. Rxf5 Bd5 19. g5 Ne8 20. Ng4 Be6 21. Re5 Rd5 22. h4 Nd6 23. Qg2 Nxb5 24. Nf6+ Kf8 25. Nxd5 Qd6 26. Nf4 cxd4 27. Nxe6+ fxe6 28. Rxb5 dxc3 29. bxc3 Rxc3 30. Rf1+ Kg8 31. Qf2 1-0

[Event "Regionalliga Nord-West 1819"]
[Site "Bayern"]
[Date "2018.11.25"]
[Round "3.2"]
[White "Chen, Jiaoji"]
[Black "Koeniger, Matthias"]
[Result "1/2-1/2"]
[WhiteElo "1981"]
[BlackElo "2061"]
[PlyCount "46"]
[EventDate "2018.10.21"]
[EventType "team-tourn"]
[EventRounds "9"]
[EventCountry "GER"]
[SourceTitle "EXT 2022"]
[Source "ChessBase"]
[SourceDate "2021.10.06"]
[SourceVersion "1"]
[SourceVersionDate "2021.10.06"]
[SourceQuality "1"]
[WhiteTeam "Wuerzburg II"]
[BlackTeam "Rottendorf"]
[WhiteTeamCountry "GER"]
[BlackTeamCountry "GER"]

1. d4 Nf6 2. Bg5 d5 3. Bxf6 exf6 4. e3 Be6 5. g3 Nd7 6. Bg2 c6 7. Nf3 f5 8. 0-0 Nf6 9. Qd3 Bd6 10. Nbd2 Ne4 11. c4 0-0 12. Rfe1 Qe7 13. c5 Bc7 14. b4 Bd7 15. a4 a6 16. Qb3 Qe6 17. Nf1 h5 18. b5 Rfb8 19. bxc6 bxc6 20. Qc2 Qe7 21. Reb1 Bc8 22. Rxb8 Rxb8 23. Rb1 Rxb1 1/2-1/2

[Event "Regionalliga Nord-West 1819"]
[Site "Bayern"]
[Date "2018.11.11"]
[Round "2.1"]
[White "Chen, Jiaoji"]
[Black "Ploehn, Heiko"]
[Result "0-1"]
[WhiteElo "1981"]
[BlackElo "2135"]
[PlyCount "66"]
[EventDate "2018.10.21"]
[EventType "team-tourn"]
[EventRounds "9"]
[EventCountry "GER"]
[SourceTitle "EXT 2022"]
[Source "ChessBase"]
[SourceDate "2021.10.06"]
[SourceVersion "1"]
[SourceVersionDate "2021.10.06"]
[SourceQuality "1"]
[WhiteTeam "Wuerzburg II"]
[BlackTeam "Bamberg SC II"]
[WhiteTeamCountry "GER"]
[BlackTeamCountry "GER"]

1. d4 Nf6 2. Bg5 c5 3. d5 Qb6 4. Nc3 Qxb2 5. Bd2 Qb6 6. e4 d6 7. f4 a6 8. e5 Ng8 9. Nf3 g6 10. Qe2 Bg7 11. Ng5 Nh6 12. Rb1 Qc7 13. exd6 Qxd6 14. Nge4 Qd8 15. h4 0-0 16. h5 b6 17. hxg6 hxg6 18. f5 Nxf5 19. g4 Nd4 20. Qg2 Nd7 21. Qh3 f6 22. Bh6 Bxh6 23. Qxh6 Kf7 24. Qh7+ Ke8 25. Qxg6+ Rf7 26. Rh7 Nf3+ 27. Kf2 Nfe5 28. Qh5 Nxg4+ 29. Kg1 Nge5 30. d6 Nf8 31. dxe7 Qd4+ 32. Kh1 Nxh7 33. Rd1 Bg4 0-1

[Event "Regionalliga Nord-West 1819"]
[Site "Bayern"]
[Date "2018.10.21"]
[Round "1.2"]
[White "Chen, Jiaoji"]
[Black "Kopp, Andre"]
[Result "1-0"]
[WhiteElo "1981"]
[BlackElo "2109"]
[PlyCount "89"]
[EventDate "2018.10.21"]
[EventType "team-tourn"]
[EventRounds "9"]
[EventCountry "GER"]
[SourceTitle "EXT 2022"]
[Source "ChessBase"]
[SourceDate "2021.10.06"]
[SourceVersion "1"]
[SourceVersionDate "2021.10.06"]
[SourceQuality "1"]
[WhiteTeam "Wuerzburg II"]
[BlackTeam "Marktleuthen"]
[WhiteTeamCountry "GER"]
[BlackTeamCountry "GER"]

1. d4 Nf6 2. Bg5 g6 3. Bxf6 exf6 4. c4 Bg7 5. Nc3 d6 6. e3 Nd7 7. g3 0-0 8. Bg2 f5 9. Nge2 Re8 10. 0-0 Nf6 11. b4 Rb8 12. Qd3 Bd7 13. b5 c6 14. a4 Qe7 15. a5 Ne4 16. a6 b6 17. bxc6 Bxc6 18. Nf4 Qd7 19. Nfd5 b5 20. cxb5 Rxb5 21. Nxb5 Bxb5 22. Qc2 Bxf1 23. Rxf1 Qe6 24. Qc6 h5 25. Rc1 Rb8 26. Qb7 Rxb7 27. axb7 Qxd5 28. b8Q+ Kh7 29. Qxa7 g5 30. Qe7 Kg6 31. Rc7 Bf6 32. Qe8 h4 33. Qc6 Qe6 34. Qc4 Qxc4 35. Rxc4 Be7 36. Rc7 Kf6 37. g4 Nd2 38. gxf5 g4 39. e4 Bf8 40. Rd7 Nb3 41. e5+ dxe5 42. Bd5 Nxd4 43. Rxf7+ Kg5 44. Rxf8 Ne2+ 45. Kf1 1-0

[Event "Regionalliga NW 1516"]
[Site "Bayern"]
[Date "2016.04.10"]
[Round "9.6"]
[White "Lederer, Gerd"]
[Black "Chen, Jiaoji"]
[Result "1-0"]
[WhiteElo "1798"]
[BlackElo "1794"]
[PlyCount "73"]
[EventDate "2015.10.11"]
[EventType "team-tourn"]
[EventRounds "9"]
[EventCountry "GER"]
[SourceTitle "EXT 2018"]
[Source "ChessBase"]
[SourceDate "2017.10.13"]
[SourceVersion "1"]
[SourceVersionDate "2017.10.13"]
[SourceQuality "1"]
[WhiteTeam "Kirchenlaibach"]
[BlackTeam "Wuerzburg"]
[WhiteTeamCountry "GER"]
[BlackTeamCountry "GER"]

1. c4 Nf6 2. Nc3 e6 3. g3 d5 4. cxd5 exd5 5. Bg2 c6 6. b3 Bd6 7. Bb2 0-0 8. e3 Bf5 9. Nge2 Bd3 10. Nc1 Ba6 11. d3 d4 12. exd4 Bb4 13. N1e2 Nd5 14. 0-0 Nxc3 15. Nxc3 Qxd4 16. Na4 Qxd3 17. Qg4 Qg6 18. Qxb4 Bxf1 19. Rxf1 b5 20. Nc5 a5 21. Qd4 Na6 22. Be4 f5 23. Bxc6 Rfd8 24. Qe5 Nxc5 25. Bxa8 Nd3 26. Bd5+ Kh8 27. Qc7 Rf8 28. Bc3 b4 29. Bd4 f4 30. Rd1 fxg3 31. hxg3 Nf4 32. Bxg7+ Qxg7 33. Qxg7+ Kxg7 34. gxf4 Rxf4 35. Bc4 a4 36. Rd7+ Kh6 37. Rb7 1-0

[Event "Landesliga U20 Nord 1415"]
[Site "Bayern"]
[Date "2015.03.21"]
[Round "7.1"]
[White "Chen, Jiaoji"]
[Black "Lutter, Maximilian"]
[Result "0-1"]
[WhiteElo "1794"]
[BlackElo "1910"]
[PlyCount "130"]
[EventDate "2014.11.15"]
[EventType "team-tourn"]
[EventRounds "7"]
[EventCountry "GER"]
[SourceTitle "EXT 2022"]
[Source "ChessBase"]
[SourceDate "2021.10.06"]
[SourceVersion "1"]
[SourceVersionDate "2021.10.06"]
[SourceQuality "1"]
[WhiteTeam "Wuerzburg U20"]
[BlackTeam "Neumarkt U20"]
[WhiteTeamCountry "GER"]
[BlackTeamCountry "GER"]

1. d4 Nf6 2. Nf3 b6 3. e3 Bb7 4. Bd3 g6 5. b3 Bg7 6. Bb2 0-0 7. 0-0 Ne4 8. Nbd2 Nxd2 9. Nxd2 c5 10. Nf3 Nc6 11. Qe2 Nb4 12. Ne5 d6 13. Nf3 Nxd3 14. cxd3 Bxf3 15. Qxf3 cxd4 16. exd4 Qd7 17. Rac1 Rac8 18. Qe3 Bf6 19. h3 Rxc1 20. Rxc1 Rc8 21. Rxc8+ Qxc8 22. Qd2 Qc6 23. Qc3 Qxc3 24. Bxc3 Kf8 25. Kf1 Ke8 26. Ke2 Kd7 27. Ke3 Bg7 28. a4 f5 29. f4 Bf6 30. g3 Ke6 31. Bb2 Kd5 32. Bc3 a6 33. h4 b5 34. axb5 axb5 35. b4 e6 36. Bb2 Bd8 37. Bc3 Bb6 38. Ba1 e5 39. fxe5 dxe5 40. Bb2 exd4+ 41. Kf4 Bc7+ 42. Kf3 Bd6 43. Ba3 h6 44. Kf2 g5 45. hxg5 hxg5 46. Kf3 g4+ 47. Kg2 f4 48. gxf4 Bxf4 49. Kf2 Bd6 50. Kg2 Ke5 51. Kf2 Kf5 52. Kg2 Bf4 53. Bb2 Ke5 54. Kf2 Bd2 55. Ba3 Kf4 56. Bb2 Bc3 57. Bc1+ Kf5 58. Ba3 Kg5 59. Kg3 Be1+ 60. Kg2 Kh4 61. Bb2 Bc3 62. Ba3 g3 63. Kg1 Kh3 64. Kh1 g2+ 65. Kg1 Bd2 0-1

[Event "Landesliga U20 Nord 1415"]
[Site "Bayern"]
[Date "2014.12.13"]
[Round "2.1"]
[White "Sammet, Dominik"]
[Black "Chen, Jiaoji"]
[Result "1-0"]
[WhiteElo "1760"]
[BlackElo "1794"]
[PlyCount "47"]
[EventDate "2014.11.15"]
[EventType "team-tourn"]
[EventRounds "7"]
[EventCountry "GER"]
[SourceTitle "EXT 2022"]
[Source "ChessBase"]
[SourceDate "2021.10.06"]
[SourceVersion "1"]
[SourceVersionDate "2021.10.06"]
[SourceQuality "1"]
[WhiteTeam "Regensburg Bavaria U20 II"]
[BlackTeam "Wuerzburg U20"]
[WhiteTeamCountry "GER"]
[BlackTeamCountry "GER"]

1. e4 d6 2. d4 Nf6 3. Nc3 g6 4. f4 Bg7 5. Nf3 c5 6. e5 Nfd7 7. e6 fxe6 8. Ng5 Nf6 9. dxc5 0-0 10. cxd6 exd6 11. Be3 Nc6 12. Be2 d5 13. Bc5 Re8 14. 0-0 b6 15. Bf2 Nd7 16. Nxd5 Nc5 17. Nc3 Bxc3 18. bxc3 Ba6 19. Bxc5 Bxe2 20. Qxe2 bxc5 21. Qc4 Na5 22. Qxc5 Rc8 23. Qxa7 Rxc3 24. Qf7+ 1-0

[Event "Landesliga U20 Nord 1415"]
[Site "Bayern"]
[Date "2014.11.15"]
[Round "1.1"]
[White "Schulz, Lukas"]
[Black "Chen, Jiaoji"]
[Result "1-0"]
[WhiteElo "2158"]
[BlackElo "1794"]
[PlyCount "41"]
[EventDate "2014.11.15"]
[EventType "team-tourn"]
[EventRounds "7"]
[EventCountry "GER"]
[SourceTitle "EXT 2022"]
[Source "ChessBase"]
[SourceDate "2021.10.06"]
[SourceVersion "1"]
[SourceVersionDate "2021.10.06"]
[SourceQuality "1"]
[WhiteTeam "Hoechstadt SC U20"]
[BlackTeam "Wuerzburg U20"]
[WhiteTeamCountry "GER"]
[BlackTeamCountry "GER"]

1. e4 e5 2. f4 exf4 3. Bc4 d5 4. exd5 Nf6 5. Nc3 Nbd7 6. Nf3 Nb6 7. 0-0 Nxc4 8. Qe2+ Qe7 9. Qxc4 Qc5+ 10. Qxc5 Bxc5+ 11. d4 Bb4 12. Re1+ Kf8 13. Bxf4 Bxc3 14. bxc3 Nxd5 15. Bg3 f6 16. c4 Nb4 17. Bxc7 Nxc2 18. Bd6+ Kf7 19. Re7+ Kg6 20. Rc1 Rd8 21. Bc7 1-0

[Event "Regionalliga NW 1213"]
[Site "Bayern"]
[Date "2013.04.14"]
[Round "9.7"]
[White "Chen, Jiaoji"]
[Black "Boelle, Boris"]
[Result "1/2-1/2"]
[WhiteElo "1456"]
[BlackElo "1862"]
[PlyCount "45"]
[EventDate "2012.10.14"]
[EventType "team-tourn"]
[EventRounds "9"]
[EventCountry "GER"]
[SourceTitle "EXT 2015"]
[Source "ChessBase"]
[SourceDate "2014.11.20"]
[SourceVersion "1"]
[SourceVersionDate "2014.11.20"]
[SourceQuality "1"]
[WhiteTeam "Wuerzburg II"]
[BlackTeam "Hof"]
[WhiteTeamCountry "GER"]
[BlackTeamCountry "GER"]

1. e4 e6 2. d4 d5 3. Nc3 dxe4 4. Nxe4 Nf6 5. Bg5 Be7 6. Ng3 Nbd7 7. Nf3 0-0 8. Bc4 c5 9. 0-0 Nb6 10. Bd3 cxd4 11. Nxd4 g6 12. c3 Qd5 13. f4 Re8 14. Re1 Bd7 15. Re5 Qd6 16. h4 Bc6 17. Nxc6 Qxc6 18. Bxf6 Bxf6 19. Bb5 Qc7 20. Bxe8 Bxe5 21. Bxf7+ Kxf7 22. fxe5 Qxe5 23. Qf3+ 1/2-1/2